ধম্মপদ / (Record no. 39247)
[ view plain ]
| 000 -LEADER | |
|---|---|
| fixed length control field | 00785nam a22002297a 4500 |
| 001 - CONTROL NUMBER | |
| control field | 39247 |
| 003 - CONTROL NUMBER IDENTIFIER | |
| rucl marc code | BD-RjUL |
| 005 - DATE AND TIME OF LATEST TRANSACTION | |
| control field | 20211209052941.0 |
| 008 - FIXED-LENGTH DATA ELEMENTS--GENERAL INFORMATION | |
| fixed length control field | 160406m19961966bg ||||| |||| 00| 0 ben d |
| 020 ## - INTERNATIONAL STANDARD BOOK NUMBER | |
| International Standard Book Number | 9840733591 |
| Terms of availability | : TK. 210.00 |
| 035 ## - SYSTEM CONTROL NUMBER | |
| System control number | (BD-RjUL)39359 |
| 040 ## - CATALOGING SOURCE | |
| Original cataloging agency | BD-RjUL |
| Language of cataloging | ben |
| Transcribing agency | BD-RjUL |
| 041 ## - LANGUAGE CODE | |
| Language code of text/sound track or separate title | ben |
| 082 ## - DEWEY DECIMAL CLASSIFICATION NUMBER | |
| Edition number | 23 |
| Author mark and year | BAD 1996 |
| Classification number | 294.35492 |
| 100 ## - MAIN ENTRY--PERSONAL NAME | |
| Personal name | বরুয়া, গিরিশচন্দ্র |
| 9 (RLIN) | 121017 |
| 245 ## - TITLE STATEMENT | |
| Title | ধম্মপদ / |
| Statement of responsibility, etc. | গিরিশচন্দ্র বরুয়া |
| 260 ## - PUBLICATION, DISTRIBUTION, ETC. (IMPRINT) | |
| Place of publication, distribution, etc. | ঢাকা : |
| Name of publisher, distributor, etc. | বাংলা একাডেমী, |
| Date of publication, distribution, etc. | ১৯৯৬ |
| 300 ## - PHYSICAL DESCRIPTION | |
| Pagination | ৪০৮ পৃ. : |
| Size | ২২ সেমি. |
| 650 ## - SUBJECT ADDED ENTRY--TOPICAL TERM | |
| Topical term or geographic name as entry element | Bengali Translation |
| 9 (RLIN) | 121018 |
| Topical term or geographic name as entry element | বাংলা অনুবাদ |
| 9 (RLIN) | 121019 |
| 942 ## - ADDED ENTRY ELEMENTS (KOHA) | |
| Source of classification or shelving scheme | Dewey Decimal Classification |
| Koha item type | Books |
| Lost status | Source of classification or shelving scheme | Damaged status | Not for loan | Collection code | Permanent Location | Current Location | Shelving location | Date acquired | Source of acquisition | Cost, normal purchase price | Total Checkouts | Full call number | Date last seen | Copy number | Koha item type |
|---|---|---|---|---|---|---|---|---|---|---|---|---|---|---|---|
| Dewey Decimal Classification | Not For Loan | Non-fiction | Central Library, University of Rajshahi | Central Library, University of Rajshahi | Reading Room | 23/06/2013 | Bangla Academy, Dhaka | 210.00 | B 294.35492 BAD 1996 | 06/04/2016 | C-1 | Books | |||
| Dewey Decimal Classification | Non-fiction | Central Library, University of Rajshahi | Central Library, University of Rajshahi | 23/06/2013 | Bangla Academy, Dhaka | 210.00 | B 294.35492 BAD 1996 | 06/04/2016 | C-2 | Books | |||||
| Dewey Decimal Classification | Non-fiction | Central Library, University of Rajshahi | Central Library, University of Rajshahi | 23/06/2013 | Bangla Academy, Dhaka | 210.00 | B 294.35492 BAD 1996 | 06/04/2016 | C-3 | Books |